LEADER 01018cam0-2200349---450- 001 990005890880403321 005 20120403163938.0 010 $a84-297-3933-5 035 $a000589088 035 $aFED01000589088 035 $a(Aleph)000589088FED01 035 $a000589088 100 $a20000421d1995----km-y0itay50------ba 101 0 $acat 102 $aES 105 $a--------001yy 200 1 $a<>comte Arnau$fJoan Maragall$gestudis introductoris de Josep Romeu i Figueras, Arthur Terry i Joan-Lluis Marfany 210 $aBarcelona$cEdicions 62$d1995 215 $a94 p.$d19 cm 225 1 $a<>cangur$v179 676 $a849.9152 700 1$aMaragall,$bJoan$0163207 702 1$aMarfany,$bJoan Lluis 702 1$aRomeu i Figueras,$bJosep$f<1917- > 702 1$aTerry,$bArthur 801 0$aIT$bUNINA$gRICA$2UNIMARC 901 $aBK 912 $a990005890880403321 952 $a849.9152 MARA 4(1)$bDip.f.m.10512$fFLFBC 959 $aFLFBC 996 $aComte Arnau$9563028 997 $aUNINA LEADER 01366nam2-2200409li-450 001 990000228730203316 005 20180312154641.0 010 $a0-691-03216-5 035 $a0022873 035 $aUSA010022873 035 $a(ALEPH)000022873USA01 035 $a0022873 100 $a2001994101993-------y0itay0103----ba 101 0 $aeng 102 $aUS 200 1 $aHarmonic analysis$ereal-variable methods, orthogonality and oscillatory integrals$fElias M. Stein$gwith the assistance of Timothy S. Murphy 210 $aPrinceton (N.J.)$cUniversity Press$d1993 215 $aXII, 695 p.$cill.$d24 cm 225 2 $aPrinceton mathematical series$v43 410 1$1001000333101$12001$aPrinceton mathematical series$v43 610 1 $aanalisi armonica 676 $a515785$9Analisi armonica astratta 700 1$aStein,$bElias M.$041144 702 1$aMurphy,$bTimothy S. 801 $aSistema bibliotecario di Ateneo dell' Università di Salerno$gRICA 912 $a990000228730203316 951 $a510 PM 43 (A)$b0016199 959 $aBK 969 $aSCI 979 $c19941018 979 $c20001110$lUSA01$h1714 979 $c20020403$lUSA01$h1631 979 $aPATRY$b90$c20040406$lUSA01$h1616 979 $aRSIAV7$b90$c20091012$lUSA01$h1048 979 $aRSIAV7$b90$c20091012$lUSA01$h1049 996 $aHarmonic analysis$9339246 997 $aUNISA